| 000 | 00368nam a22001577a 4500 | ||
|---|---|---|---|
| 003 | SGT | ||
| 020 | _a9788126532230 | ||
| 082 | _a621.3678,LIL | ||
| 100 | _aLILLESAND,THOAS.M | ||
| 245 | _aREMOTE SENSING AND IMAGE INTERPRETATION | ||
| 250 | _a6TH | ||
| 260 |
_aNEW DELHI _bWILEY _c2017 |
||
| 300 | _a756 | ||
| 650 | _aELECTRICAL ENGINEERING | ||
| 942 |
_2ddc _cBK _01 |
||
| 999 |
_c18322 _d18322 |
||